000 01131cab a2200385 4500
001 ABS53935
008 090401t1995 xxu||||| |||| 00| 0 eng d
035 _a(Sirsi) u7508
041 _aeng
245 _aEstates Times survey: Sussex
260 _c1995
350 _a0
490 _aEstates Times
_v(1302) 10 November 1995, 12-24(13)
650 _aBRIGHTON
650 _aCHICHESTER
650 _aCRAWLEY
650 _aEASTBOURNE
650 _aGATWICK AIRPORT
650 _aHASTINGS
650 _aHAYWARDS HEATH
650 _aHORSHAM
650 _aINDUSTRIAL MARKET
650 _aINDUSTRIAL RENTS
650 _aPROPERTY-COMMERCIAL PROPERTY-OFFICE PROPERTY-OFFICE PROPERTY MARKET
650 _aOFFICE RENTS
650 _aPRIORY MEADOW SHOPPING CENTRE
650 _aPROPERTY-COMMERCIAL PROPERTY-RETAIL PROPERTY-RETAIL PROPERTY MARKET
650 _aRETAIL RENTS
650 _aPROPERTY-INFRASTRUCTURE-TRANSPORT INFRASTRUCTURE-ROAD INFRASTRUCTURE
650 _aSUSSEX
650 _aWORTHING
690 _aPROPERTY-COMMERCIAL PROPERTY-COMMERCIAL PROPERTY MARKET
942 _n0
948 _c04/03/1997
999 _c4544
_d4544